00779nam a2200157Ia 4500008004100000020001800041082002500059110003600084245013200120260003900252300001100291650010100302952009900403952010200502999001700604120622s9999 xx 000 0 und d a970-676-199-3 a343.04072 M611i 2001 aMéxico. Leyes, decretos, etc. aIniciativa de reformas fiscales enviada al H. Congreso de la Unión el 3 de abril de 2001 y comentarios generales a las mismas aMéxico : Ediciones Fiscales ISEF a386 p. a1. DERECHO FISCAL - LEGISLACION - MEXICO \ 2. RECAUDACION DE IMPUESTOS - LEGISLACION - MEXICOÌ 00104070a01b01d2007-01-25l0o343.04072 M611I 2001p01 008051r2012-06-24w2012-06-24yLB 00104070a01b01d2007-01-25l0o343.04072 M611I 2001p01 008052r2012-06-24t2w2012-06-24yLB c56331d56331